LEADER 00857nam a2200229 i 4500 001 000000217204 003 CaOOAMICUS 005 20121128000000.0 008 121128s1962 it u000 u ita u 013 $a196101 040 $aSeMil$bita 100 1 $aNebbia, Ugo.$0(OLS)http://semarc/name/17000 245 13$aIl tesoro del duomo di Milano /$cUgo Nebbia. 260 $aMilano :$bAlfieri & Lacroix,$c1962. 300 $a68 p. :$bill. ;$c24 cm. 490 0 $aIl museo 650 4$aMilano - Duomo.$0(OLS)http://semarc/subject/2739 830 3$aIl museo.$0(OLS)http://semarc/title/37570 850 $aSeMil 852 $aSeMil$W1$xVenegono$y1$m3O III 191$j167618$B167618$CSeMilBibl$Z2$F178404 $81 996 $6245$aIl tesoro del duomo di Milano$9(OLS)http://semarc/title/267941 996 $6260$aMilano :$bAlfieri & Lacroix$9(OLS)http://semarc/publisher/37433 LEADER 01109nam a2200217 i 4500 001 000000182943 003 CaOOAMICUS 005 20091103000000.0 008 091103s1935 sp u000 u spa u 013 $a160904 040 $aSeMil$bita 245 10$aTomo 3. 260 $aMadrid :$bImprenta La Rafa,$c1935. 300 $aLV, 368 p. ;$c25 cm. 490 0 $aPublicaciones de la Asociación Francisco de Vitoria : biblioteca internacionalista de clasicos españoles 773 0 $tRelecciones teologicas del Maestro Fray Francisco de Vitoria.$bEdición critica, con facsimil de códices y ediciones príncipes, variantes, versión castellana, notas e introducción.$dMadrid : Imprenta La Rafa, 1933-1935.$w()22337 830 0$aPublicaciones de la Asociación Francisco de Vitoria : biblioteca internacionalista de clasicos españoles.$0(OLS)http://semarc/title/29743 850 $aSeMil 852 $aSeMil$W1$xVenegono$y1$m2B V 105$j133647$B133647$CSeMilBibl$Z2$F145408 $81 996 $6245$aTomo 3$9(OLS)http://semarc/title/53129 996 $6260$aMadrid :$bImprenta La Rafa$9(OLS)http://semarc/publisher/35692 LEADER 00744nam a2200193 i 4500 001 000000136099 003 CaOOAMICUS 005 20050317000000.0 008 050317n it u000 u fre u 013 $a109573 040 $aSeMil$bita 245 10$aTome 1 /$cpréface de François Mauriac de l'Académie Française. 300 $a511 p. 700 1 $aMauriac, François,$d<1885-1970>.$0(OLS)http://semarc/name/8852 773 0 $aRousseau, Jean-Jacques <1712-1778>$tConfessions.$d[Paris] : Le livre de Poche, copyr. 1963.$w()13157 850 $aSeMil 852 $aSeMil$W1$xVenegono$y1$m660 237 1 *$j89721$B89721$CSeMilBibl$Z2$F94536 $81 961 $aRecupero: Biblioteca Seminario Liceale 996 $6245$aTome 1$9(OLS)http://semarc/title/63803